000
00417nam a2200145Ia 4500
008
100204s9999 xx 000 0 und d
082
_b
13658
100
_a
काळे श्रीपाद
245
_a
समर्पण
260
_b
"उदयदीप प्रकाशन , मुंबई"
_c
1983
300
_a
138
630
_a
समर्पण
730
_a
समर्पण
942
_c
BOOK
999
_c
458090
_d
458087